[Event "Calgary int qual"]
[Site "Calgary"]
[Date "2017.06.10"]
[Round "3.5"]
[White "Bin Shoeb, Mashad"]
[Black "Kluytmans, Frank"]
[Result "1-0"]
[WhiteElo "1848"]
[BlackElo "1658"]
[PlyCount "83"]
[EventDate "2017.06.??"]
[EventType "swiss"]
[EventRounds "5"]
[EventCountry "CAN"]
[SourceTitle "EXT 2022"]
[Source "ChessBase"]
[SourceDate "2021.10.06"]
[SourceVersion "1"]
[SourceVersionDate "2021.10.06"]
[SourceQuality "1"]

1. e4 c5 2. Bc4 e6 3. Nf3 Nc6 4. 0-0 a6 5. c3 Qc7 6. Na3 b5 7. Be2 Nf6 8. d3 Be7 9. Nc2 0-0 10. h3 h6 11. Be3 d5 12. exd5 Nxd5 13. d4 c4 14. Qd2 Nxe3 15. Nxe3 Rd8 16. Qc2 Bb7 17. Rad1 Bf8 18. Ng4 Ne7 19. Nge5 Nd5 20. Nd2 Nf4 21. Bf3 Bxf3 22. Ndxf3 f6 23. Ng6 Nxg6 24. Qxg6 Qf7 25. Qe4 Rd5 26. Rfe1 Re8 27. b3 g5 28. bxc4 bxc4 29. Nd2 Ra5 30. Ra1 Ra3 31. Nxc4 Rxc3 32. d5 e5 33. Rac1 Rxc1 34. Rxc1 Rd8 35. Rd1 Bc5 36. a4 Bd4 37. Ne3 Bxe3 38. fxe3 Kg7 39. Qc4 f5 40. Qc6 Qa7 41. Rd3 f4 42. a5 1-0